|
|
|
|
| LEADER |
02268nam a2200613 i 4500 |
| 001 |
nkc20193159187 |
| 003 |
CZ PrNK |
| 005 |
20200109093240.0 |
| 007 |
ta |
| 008 |
191113s2019 xr a e 000 0 eng |
| 015 |
|
|
|a cnb003159187
|
| 020 |
|
|
|a 978-80-907592-7-5
|q (brožováno) :
|c Kč 120,00
|
| 035 |
|
|
|a (OCoLC)1140086227
|
| 040 |
|
|
|a BOA001
|b cze
|e rda
|
| 043 |
|
|
|a e-uk---
|a e-xr---
|
| 045 |
|
|
|a x6y-
|
| 072 |
|
7 |
|a 72/76
|x Výtvarné umění
|2 Konspekt
|9 21
|
| 080 |
|
|
|a 74/76.05
|2 MRF
|
| 080 |
|
|
|a 791.221.5
|2 MRF
|
| 080 |
|
|
|a 7.04
|2 MRF
|
| 080 |
|
|
|a (437.3)
|2 MRF
|
| 080 |
|
|
|a (410)
|2 MRF
|
| 080 |
|
|
|a (084.11)
|2 MRF
|
| 100 |
1 |
|
|a Lučanská, Lucie,
|d 1990-
|7 pna2014841051
|4 aut
|4 ill
|
| 245 |
1 |
0 |
|a Lawrence of Arabia.
|n Episode 3,
|p Cross the nef-ud desert /
|c Lucie Lučanská
|
| 246 |
3 |
0 |
|a Cross the nef-ud desert
|
| 264 |
|
1 |
|a Znojmo :
|b Jindřich Janíček - Fake Fake Fake,
|c 2019
|
| 300 |
|
|
|a 36 nečíslovaných stran :
|b ilustrace ;
|c 24 cm
|
| 336 |
|
|
|a text
|b txt
|2 rdacontent
|
| 336 |
|
|
|a statický obraz
|b sti
|2 rdacontent
|
| 337 |
|
|
|a bez média
|b n
|2 rdamedia
|
| 338 |
|
|
|a svazek
|b nc
|2 rdacarrier
|
| 500 |
|
|
|a "První verze této knihy vznikla jako semestrální práce v Ateliéru ilustrace a grafiky na UMPRUM v roce 2012"--Tiráž
|
| 500 |
|
|
|a Název z obálky
|
| 500 |
|
|
|a 300 výtisků
|
| 600 |
1 |
7 |
|a Lučanská, Lucie,
|d 1990-
|7 pna2014841051
|2 czenas
|
| 630 |
0 |
7 |
|a Lawrence of Arabia
|7 unn20201061876
|2 czenas
|
| 648 |
|
7 |
|a 1961-1970
|7 ch460584
|2 czenas
|
| 648 |
|
4 |
|a 1962
|
| 648 |
|
7 |
|a 21. století
|7 ch460559
|2 czenas
|
| 650 |
0 |
7 |
|a ilustrace
|7 ph114755
|z Česko
|y 21. století
|2 czenas
|
| 650 |
0 |
7 |
|a dobrodružné filmy
|7 ph579441
|z Velká Británie
|y 1961-1970
|2 czenas
|
| 650 |
0 |
7 |
|a umělecké náměty
|7 ph138227
|2 czenas
|
| 650 |
0 |
9 |
|a illustration
|z Czechia
|y 21st century
|2 eczenas
|
| 650 |
0 |
9 |
|a adventure films
|z Great Britain
|y 1961-1970
|2 eczenas
|
| 650 |
0 |
9 |
|a artistic themes
|2 eczenas
|
| 655 |
|
7 |
|a obrazové publikace
|7 fd132947
|2 czenas
|
| 655 |
|
9 |
|a pictorial works
|2 eczenas
|
| 910 |
2 |
|
|a BOA001
|b 2-1440.553,3
|
| 928 |
9 |
|
|a Fake Fake Fake
|
| 990 |
|
|
|a BK
|
| 995 |
|
|
|a 01
|
| 991 |
|
|
|b 201912
|c NOV
|
| 996 |
6 |
|
|b 2610808173
|c 2-1440.553,3
|l MZK
|r Sklad / do 1 hodiny
|n 0
|p p.v.
|w 001770428
|u 000010
|a 1
|e BOA001
|j MZK50
|s P
|